Engineering economy (Record no. 4832)

000 -LEADER
fixed length control field 00667nam a2200241 i 4500
001 - CONTROL NUMBER
control field 4832
003 - CONTROL NUMBER IDENTIFIER
control field BD-DhUET
008 - FIXED-LENGTH DATA ELEMENTS--GENERAL INFORMATION
fixed length control field 760725s1977 njua b 001 0 eng
020 ## - INTERNATIONAL STANDARD BOOK NUMBER
International Standard Book Number 0132774917
040 ## - CATALOGING SOURCE
Original cataloging agency DLC
Transcribing agency DLC
Modifying agency BD-DhUET
082 00 - DEWEY DECIMAL CLASSIFICATION NUMBER
Classification number 620.02
Item number THU/1977
100 1# - MAIN ENTRY--PERSONAL NAME
Personal name Thuesen, H. G.
245 10 - TITLE STATEMENT
Title Engineering economy
250 ## - EDITION STATEMENT
Edition statement 5th ed.
260 ## - PUBLICATION, DISTRIBUTION, ETC. (IMPRINT)
Place of publication, distribution, etc. New Jersey
Name of publisher, distributor, etc. Prentice-Hall
Date of publication, distribution, etc. 1977
300 ## - PHYSICAL DESCRIPTION
Extent xiv,589p.
Other physical details ill.
Dimensions 24 cm.
490 0# - SERIES STATEMENT
Series statement Prentice-Hall international series in industrial and systems engineering
504 ## - BIBLIOGRAPHY, ETC. NOTE
Bibliography, etc Includes bibliographies
650 #0 - SUBJECT ADDED ENTRY--TOPICAL TERM
Topical term or geographic name as entry element Engineering economy
700 1# - ADDED ENTRY--PERSONAL NAME
Personal name Fabrycky, W. J.
700 ## - ADDED ENTRY--PERSONAL NAME
Personal name Thuesen, G. J.
942 ## - ADDED ENTRY ELEMENTS (KOHA)
Koha item type General Book
Holdings
Not for loan Damaged status Koha full call number Koha date last borrowed Price effective from Koha issues (times borrowed) Koha item type Source of classification or shelving scheme Sublocation or collection (holding branch) Lost status Withdrawn status Copy number Shelving location Koha normalized classification for sorting Koha date last seen Location (home branch) Date acquired Piece designation (barcode)
  620.02/THU/19562019-03-032014-11-201General Book Central Library, BUET  1Circulation section620_000000000000000_02THU19562019-04-17Central Library, BUET2014-11-2084912
  620.02/THU/1977 2015-02-04 General Book Central Library, BUET  2Circulation section620_020000000000000_THU_19772015-02-04Central Library, BUET2015-02-0452407
  620.02/THU/1977 2015-02-05 General Book Central Library, BUET  3Circulation section620_020000000000000_THU_19772015-02-05Central Library, BUET2015-02-0561197